000 00301nam a22001337a 4500
008 170329b xxu||||| |||| 00| 0 eng d
020 _aG-197476003
041 _aeng
080 _a616-053.2
100 _a8
101 _aSHM
245 _aA HANDBOOK ON STUTTERING
_cBLOODSTEIN, O
942 _2udc
_cBK
999 _c8948
_d8948